| 000 | 00443nam a2200157 4500 | ||
|---|---|---|---|
| 001 | 121810 | ||
| 003 | ES-MaACL | ||
| 005 | 20230906191830.0 | ||
| 007 | t| | ||
| 008 | 070214s1973 sp r ||||1| spa d | ||
| 100 | 1 |
_aPortuondo, Juan A. _993303 |
|
| 245 | 1 | 3 |
_aEl rorschach psicoanalĂtico / _cJuan A. Portuondo. |
| 260 |
_aMadrid : _bBiblioteca Nueva, _c1973. |
||
| 300 |
_a420 p. : _bil. ; _c25 cm. |
||
| 852 |
_aES-MaACL _jC-51968 _bR.85529 |
||
| 999 |
_c121810 _d121810 |
||